<?xml version="1.0" encoding="UTF-8"?>
<record
    xmlns:xsi="http://www.w3.org/2001/XMLSchema-instance"
    xsi:schemaLocation="http://www.loc.gov/MARC21/slim http://www.loc.gov/standards/marcxml/schema/MARC21slim.xsd"
    xmlns="http://www.loc.gov/MARC21/slim">

  <leader>02722nkm0a2200529   4500</leader>
  <controlfield tag="001">RU\NLR\BIBL_A\022755885</controlfield>
  <controlfield tag="005">20260426072929.0</controlfield>
  <datafield tag="035" ind1=" " ind2=" ">
    <subfield code="a">(NLR Aleph) 022755885</subfield>
  </datafield>
  <datafield tag="090" ind1=" " ind2=" ">
    <subfield code="a">13693406</subfield>
    <subfield code="c">13693406</subfield>
  </datafield>
  <datafield tag="100" ind1=" " ind2=" ">
    <subfield code="a">20260317d1914    u  y0rusy50      ca</subfield>
  </datafield>
  <datafield tag="101" ind1="0" ind2=" ">
    <subfield code="a">rus</subfield>
  </datafield>
  <datafield tag="102" ind1=" " ind2=" ">
    <subfield code="a">RU</subfield>
  </datafield>
  <datafield tag="116" ind1=" " ind2=" ">
    <subfield code="a">iiycxx    bf    ad</subfield>
  </datafield>
  <datafield tag="135" ind1=" " ind2=" ">
    <subfield code="a">crcn 024anaba</subfield>
  </datafield>
  <datafield tag="181" ind1=" " ind2="0">
    <subfield code="a">b4</subfield>
    <subfield code="b">xb2e  </subfield>
  </datafield>
  <datafield tag="182" ind1=" " ind2="0">
    <subfield code="a">n</subfield>
  </datafield>
  <datafield tag="200" ind1="1" ind2=" ">
    <subfield code="a">&#x41F;&#x43B;&#x430;&#x442;&#x43A;&#x438; &#x441; &#x43A;&#x43B;&#x435;&#x439;&#x43C;&#x43E;&#x43C;</subfield>
    <subfield code="e">&#x422;-&#x432;&#x43E; &#x428;&#x43B;&#x438;&#x441;&#x441;&#x435;&#x43B;&#x44C;&#x431;&#x443;&#x440;&#x433;&#x441;&#x43A;&#x43E;&#x439; &#x441;&#x438;&#x442;&#x446;&#x435;&#x43D;&#x430;&#x431;&#x438;&#x432;&#x43D;&#x43E;&#x439; &#x43C;&#x430;&#x43D;&#x443;&#x444;&#x430;&#x43A;&#x442;&#x443;&#x440;&#x44B;</subfield>
    <subfield code="e">[&#x43F;&#x43B;&#x430;&#x43A;&#x430;&#x442;]</subfield>
  </datafield>
  <datafield tag="203" ind1=" " ind2=" ">
    <subfield code="a">&#x418;&#x437;&#x43E;&#x431;&#x440;&#x430;&#x436;&#x435;&#x43D;&#x438;&#x435;</subfield>
    <subfield code="b">&#x43D;&#x435;&#x43F;&#x43E;&#x434;&#x432;&#x438;&#x436;&#x43D;&#x43E;&#x435;</subfield>
    <subfield code="b">&#x434;&#x432;&#x443;&#x445;&#x43C;&#x435;&#x440;&#x43D;&#x43E;&#x435;</subfield>
    <subfield code="b">&#x432;&#x438;&#x437;&#x443;&#x430;&#x43B;&#x44C;&#x43D;&#x43E;&#x435;</subfield>
    <subfield code="c">&#x43D;&#x435;&#x43F;&#x43E;&#x441;&#x440;&#x435;&#x434;&#x441;&#x442;&#x432;&#x435;&#x43D;&#x43D;&#x43E;&#x435;</subfield>
  </datafield>
  <datafield tag="210" ind1=" " ind2=" ">
    <subfield code="a">&#x41C;&#x43E;&#x441;&#x43A;&#x432;&#x430;</subfield>
    <subfield code="c">&#x422;&#x438;&#x43F;&#x43E;-&#x43B;&#x438;&#x442;&#x43E;&#x433;&#x440;&#x430;&#x444;&#x438;&#x44F; &#x424;. &#x413;. &#x41A;&#x435;&#x439;&#x442;&#x435;&#x43B;&#x44C;</subfield>
    <subfield code="d">[1914]</subfield>
  </datafield>
  <datafield tag="215" ind1=" " ind2=" ">
    <subfield code="a">1 &#x43B;.</subfield>
    <subfield code="c">&#x445;&#x440;&#x43E;&#x43C;&#x43E;&#x43B;&#x438;&#x442;&#x43E;&#x433;&#x440;.</subfield>
    <subfield code="d">68&#x445;51,8</subfield>
  </datafield>
  <datafield tag="300" ind1=" " ind2=" ">
    <subfield code="a">&#x41D;&#x430;&#x432;&#x435;&#x440;&#x445;&#x443; &#x432; &#x43D;&#x430;&#x437;&#x432;&#x430;&#x43D;&#x438;&#x435; &#x432;&#x43A;&#x43B;&#x44E;&#x447;&#x435;&#x43D;&#x43E; &#x438;&#x437;&#x43E;&#x431;&#x440;. &#x431;&#x43E;&#x43B;&#x44C;&#x448;&#x43E;&#x433;&#x43E; &#x43A;&#x43B;&#x44E;&#x447;&#x430; - &#x444;&#x430;&#x431;&#x440;. &#x437;&#x43D;&#x430;&#x43A; &#x43C;&#x430;&#x43D;&#x443;&#x444;&#x430;&#x43A;&#x442;&#x443;&#x440;&#x44B;</subfield>
  </datafield>
  <datafield tag="300" ind1=" " ind2=" ">
    <subfield code="a">&#x41D;&#x430; &#x43B;. &#x448;&#x442;&#x430;&#x43C;&#x43F; &#x442;&#x438;&#x43F;&#x43E;-&#x43B;&#x438;&#x442;&#x43E;&#x433;&#x440;&#x430;&#x444;&#x438;&#x438; &#x424;.&#x413;. &#x41A;&#x435;&#x439;&#x442;&#x435;&#x43B;&#x44C;</subfield>
  </datafield>
  <datafield tag="325" ind1=" " ind2=" ">
    <subfield code="a">&#x41A;&#x43E;&#x43F;&#x438;&#x44F; &#x434;&#x43E;&#x441;&#x442;&#x443;&#x43F;&#x43D;&#x430; &#x432; &#x42D;&#x43B;&#x435;&#x43A;&#x442;&#x440;&#x43E;&#x43D;. &#x431;-&#x43A;&#x435; &#x420;&#x41D;&#x411;</subfield>
  </datafield>
  <datafield tag="327" ind1="0" ind2=" ">
    <subfield code="a">&#x418;&#x437;&#x43E;&#x431;&#x440;. &#x441;&#x446;&#x435;&#x43D;&#x430; &#x43D;&#x430; &#x440;&#x44B;&#x43D;&#x43A;&#x435;: &#x43C;&#x43E;&#x43B;&#x43E;&#x434;&#x44B;&#x435; &#x436;&#x435;&#x43D;&#x449;&#x438;&#x43D;&#x44B; &#x432;&#x44B;&#x431;&#x438;&#x440;&#x430;&#x44E;&#x442; &#x43F;&#x43B;&#x430;&#x442;&#x43A;&#x438;</subfield>
  </datafield>
  <datafield tag="606" ind1="1" ind2=" ">
    <subfield code="a">&#x420;&#x435;&#x43A;&#x43B;&#x430;&#x43C;&#x43D;&#x44B;&#x439; &#x43F;&#x43B;&#x430;&#x43A;&#x430;&#x442; &#x440;&#x443;&#x441;&#x441;&#x43A;&#x438;&#x439;</subfield>
    <subfield code="z">1868 - 1917</subfield>
    <subfield code="9">2200006</subfield>
    <subfield code="3">RU\NLR\AUTH\6601557021</subfield>
  </datafield>
  <datafield tag="606" ind1="1" ind2=" ">
    <subfield code="a">&#x41F;&#x43B;&#x430;&#x442;&#x43A;&#x438;</subfield>
    <subfield code="j">&#x41F;&#x43B;&#x430;&#x43A;&#x430;&#x442;&#x44B;</subfield>
    <subfield code="9">1886708</subfield>
    <subfield code="3">RU\NLR\AUTH\66857793</subfield>
  </datafield>
  <datafield tag="606" ind1="1" ind2=" ">
    <subfield code="a">&#x416;&#x435;&#x43D;&#x449;&#x438;&#x43D;&#x44B;</subfield>
    <subfield code="j">&#x41F;&#x43B;&#x430;&#x43A;&#x430;&#x442;&#x44B;</subfield>
    <subfield code="9">1241659</subfield>
    <subfield code="3">RU\NLR\AUTH\66189982</subfield>
  </datafield>
  <datafield tag="606" ind1="1" ind2=" ">
    <subfield code="a">&#x41F;&#x430;&#x432;&#x43B;&#x438;&#x43D;&#x44B;</subfield>
    <subfield code="j">&#x41F;&#x43B;&#x430;&#x43A;&#x430;&#x442;&#x44B;</subfield>
    <subfield code="9">1854930</subfield>
    <subfield code="3">RU\NLR\AUTH\66840830</subfield>
  </datafield>
  <datafield tag="606" ind1="1" ind2=" ">
    <subfield code="a">&#x420;&#x44B;&#x43D;&#x43A;&#x438;</subfield>
    <subfield code="j">&#x41F;&#x43B;&#x430;&#x43A;&#x430;&#x442;&#x44B;</subfield>
    <subfield code="9">1094531</subfield>
    <subfield code="3">RU\NLR\AUTH\66110702</subfield>
  </datafield>
  <datafield tag="610" ind1="0" ind2=" ">
    <subfield code="a">&#x41A;&#x43B;&#x44E;&#x447;&#x438;</subfield>
  </datafield>
  <datafield tag="686" ind1=" " ind2=" ">
    <subfield code="a">&#x429;153(2&#x420;=&#x420;&#x443;&#x441;)53-466</subfield>
  </datafield>
  <datafield tag="702" ind1=" " ind2="1">
    <subfield code="a">&#x41A;&#x435;&#x439;&#x442;&#x435;&#x43B;&#x44C; &#x424;. &#x413;., &#x442;&#x438;&#x43F;&#x43E;-&#x43B;&#x438;&#x442;&#x43E;&#x433;&#x440;&#x430;&#x444;&#x438;&#x44F;</subfield>
    <subfield code="c">&#x41C;&#x43E;&#x441;&#x43A;&#x432;&#x430;</subfield>
    <subfield code="4">610</subfield>
  </datafield>
  <datafield tag="711" ind1="0" ind2="2">
    <subfield code="a">&#x428;&#x43B;&#x438;&#x441;&#x441;&#x435;&#x43B;&#x44C;&#x431;&#x443;&#x440;&#x433;&#x441;&#x43A;&#x430;&#x44F; &#x441;&#x438;&#x442;&#x446;&#x435;&#x43D;&#x430;&#x431;&#x438;&#x432;&#x43D;&#x430;&#x44F; &#x43C;&#x430;&#x43D;&#x443;&#x444;&#x430;&#x43A;&#x442;&#x443;&#x440;&#x430;</subfield>
    <subfield code="9">815069</subfield>
    <subfield code="3">RU\NLR\AUTH\8810159760</subfield>
  </datafield>
  <datafield tag="712" ind1="0" ind2="0">
    <subfield code="4">610</subfield>
    <subfield code="a">&#x41A;&#x435;&#x439;&#x442;&#x435;&#x43B;&#x44C;,</subfield>
    <subfield code="c">&#x41C;&#x43E;&#x441;&#x43A;&#x432;&#x430;</subfield>
    <subfield code="g">&#x424;. &#x413;.,</subfield>
    <subfield code="h">&#x442;&#x438;&#x43F;&#x43E;&#x43B;&#x438;&#x442;&#x43E;&#x433;&#x440;&#x430;&#x444;&#x438;&#x44F;</subfield>
    <subfield code="9">2705890</subfield>
    <subfield code="3">RU\NLR\AUTH\880641682</subfield>
  </datafield>
  <datafield tag="830" ind1=" " ind2=" ">
    <subfield code="a">&#x41F;&#x43E;&#x441;&#x442;&#x443;&#x43F;&#x43B;&#x435;&#x43D;&#x438;&#x435; &#x432; &#x420;&#x41D;&#x411; &#x432; 1914 &#x433;. (&#x43F;&#x43E;&#x43C;&#x435;&#x442;&#x430; &#x43D;&#x430; &#x43E;&#x431;. &#x43B;.)</subfield>
  </datafield>
  <datafield tag="852" ind1="0" ind2="0">
    <subfield code="a">NLR</subfield>
    <subfield code="b">&#x42D;</subfield>
    <subfield code="j">&#x420;.&#x420;&#x443;&#x441;./&#x422;&#x43E;&#x440;&#x433;.10/3</subfield>
    <subfield code="m">&#x42D;&#x430;&#x444;11122</subfield>
  </datafield>
  <datafield tag="856" ind1=" " ind2="0">
    <subfield code="u">https://vivaldi.nlr.ru/la700001818/view</subfield>
  </datafield>
  <datafield tag="856" ind1=" " ind2="1">
    <subfield code="u">https://vivaldi.nlr.ru/la700001818/cover</subfield>
  </datafield>
  <datafield tag="856" ind1=" " ind2="2">
    <subfield code="u">https://vivaldi.nlr.ru/la700001818/text</subfield>
  </datafield>
  <datafield tag="942" ind1=" " ind2=" ">
    <subfield code="c">VISUAL</subfield>
  </datafield>
  <datafield tag="980" ind1=" " ind2=" ">
    <subfield code="a">NB</subfield>
  </datafield>
  <datafield tag="981" ind1="1" ind2="7">
    <subfield code="a">(17) &#x418;&#x437;&#x43E;&#x433;&#x440;&#x430;&#x444;&#x438;&#x447;&#x435;&#x441;&#x43A;&#x438;&#x435; &#x43C;&#x430;&#x442;&#x435;&#x440;&#x438;&#x430;&#x43B;&#x44B;</subfield>
    <subfield code="b">(17) &#x41F;&#x43B;&#x430;&#x43A;&#x430;&#x442;&#x44B;</subfield>
  </datafield>
</record>
